| 000 | 00674nam a2200205Ia 4500 | ||
|---|---|---|---|
| 003 | GCL | ||
| 008 | 140319s9999 xx 000 0 ara d | ||
| 040 |
_aGCL / _cGCL |
||
| 082 | 0 | 4 |
_a150.1957 _bم ن |
| 100 | 1 | _aمحمد محروس الشناوى | |
| 245 | 1 | 0 |
_aنظريات الارشاد والعلاج النفسى / _cمحمد محروس الشناوى |
| 300 | _a495 ص | ||
| 490 |
_aموسوعة الارشاد والعلاج النفسى _v0 |
||
| 650 | 0 | 4 | _aعلم النفس |
| 650 | 0 | 4 | _aالسلوك |
| 650 | 0 | 4 | _aعلم النفس العلاجى |
| 650 | 0 | 4 | _aعلم النفس العضوى |
| 650 | 0 | 4 | _aعلم النفس الفردى |
| 942 |
_2ddc _cBK |
||
| 999 |
_c41022 _d41022 |
||